000 01453nam a2200409 c 4500
001 24334
003 ES-MaCES
005 20250207040006.0
008 120305s2012 sp l 000 | spa d
017 _aNA 369-2012
_bDL
020 _a9788499039459
035 _aCES20120001876m
040 _aES-MaCES
_bspa
_cES-MaCES
100 1 _aFernández Orrico, Francisco Javier
_911935
245 1 3 _aLa contratación laboral a tiempo parcial y de relevo
_b: obligaciones y responsabilidad empresarial
_cFrancisco Javier Fernández Orrico
250 _a1ª ed
260 _aCizur Menor (Navarra)
_bAranzadi-Thomson Reuters
_c2012
300 _a472 p.
_c23 cm
490 1 _aCuadernos de Aranzadi Social
_v42
541 _cSuscripción conjunta
650 4 _ajubilación parcial
_930258
650 4 _aempleo a tiempo parcial
_926772
650 4 _atrabajador a tiempo parcial
_929815
650 4 _acontrato de relevo
_931584
650 4 _acondiciones de trabajo
_928327
650 4 _aresponsabilidad del empleador
_930146
650 4 _aEspaña
_926964
650 4 _aderecho del trabajo
_927165
650 4 _aderecho jurisprudencial
_929863
650 4 _arégimen jurídico
_929894
653 1 0 _aDerecho del trabajo y Seguridad Social
650 4 _928371
_aactitud de la dirección
830 0 _aCuadernos de Aranzadi Social
_v42
_933350
902 _aLIB Libro
942 _2CES
_cBK
_h6.0.1.
999 _c24334
_d24334